000 00316nam a22001337a 4500
008 190227b xxu||||| |||| 00| 0 eng d
020 _a9780073526805
041 _aeng
080 _a338
100 _a52
101 _aMNG
245 _aCost Management. Strategies for Business Decisions
_cHilton
942 _2udc
_cBK
999 _c54358
_d54358